Pytliaci a huncúti

Bibliographic Details
Main Authors: Lednár, Izidor 1929-2000 (Author), Marada, František, 1940- (Author)
Other Authors: Písecký, Tomáš, 1943-2005 (nob)
Format: Book
Language:Slovak
PhysicalDescription:180 s. 20 cm
Published: Bratislava York Press 1991
ISBN:8085408015
Subjects:

MARC

LEADER 00000nam a2200000 a 4500
001 vtls001076127
003 SK-MaSNL
005 20260413122819.0
008 250414s1991 xo 0 slo
015 |a SNBA1994/09 
020 |a 8085408015 
035 |a SNK000018960 
040 |a SNK  |b slo  |c SNK  |e AACR2 
041 0 |a slo 
044 |a xo  |c SK 
080 |a 885.4-3  |2 1981 
100 1 |a Lednár, Izidor  |d 1929-2000  |4 aut  |9 725679 
245 1 0 |a Pytliaci a huncúti  |c Izidor Lednár, František Marada ; Obál. navrhol Tomáš Písecký 
260 |a Bratislava  |b York Press  |c 1991  |e Sator  |f s.n.Sator 
300 |a 180 s.  |c 20 cm 
366 |e 3000 výt. 
655 7 |a umelecká literatúra  |2 SNK  |9 60405 
700 1 |a Marada, František,  |d 1940-  |4 aut  |9 37536 
700 1 |a Písecký, Tomáš,  |d 1943-2005  |4 nob  |9 137177 
852 |a Slovenská národná knižnica 
919 |a 80-85408-01-5 
954 |a poviedky humoristické 
958 |a LX 
958 |a TL 
999 |c 1134875  |d 1136805 
952 |t P60, <05>, [BOOK], {605}  |a SNK  |b SNK  |y PREZ  |7 0  |p 17A0243112  |o snkSC 86485 D1  |0 0  |1 0  |4 0  |d 2000-06-12  |l 0  |r 2004-12-31 00:00:00  |w 2026-02-24